000 01543nam a22002057a 4500
003 JO-AjAnu
005 20241023093610.0
008 241022b jo ||||| |||| 00| 0 ara d
040 _cJO-AjAnu
041 _aARA
100 1 _aبني احمد ،علي عبد الكريم عبد الرحمن
_966417
_eمعد
245 _aصورة الشخصيات التاريخية في كتب التاريخ للمرحلة الأساسية العليا وبناء نموذج لهذة الصورة =Image of Historical Figures in History Textbook for the Higher Primary Stage and Construction a Model for this Image/
_cإعداد علي عبد الكريم عبد الرحمن بني حمد ؛ إشراف ابراهيم عبد القادر القاعود، يعقوب عبدالله أبو الحلو
260 _c2012
300 _a256 ورقة
500 _aرسالة جامعية (دكتوراة).- جامعة اليرموك (إربد، الأردن)، كلية التربية وعلم النفس ؛ قسم المناهج والتدريس، 2012
650 7 0 _a التاريخ (المرحلة الأساسية) -- تعلم وتدريس -- الأردن. التاريخ (المرحلة الأساسية) -- كتب دراسية -- الأردن. التاريخ (المرحلة الأساسية) -- مناهج -- الأردن.
_966419
700 1 _aالقاعود، ابراهيم عبد القادر
_966420
_eمشرف
700 1 _aابو حلو ، يعقوب عبدالله
_966421
_eمشرف مشارك
942 _2lcc
_cTHS
_n0
999 _c33833
_d33833